| 000 | 00564nam a2200205 i 4500 | ||
|---|---|---|---|
| 001 | bg | ||
| 100 | 1 |
_aBELL, Jon A. _d(1961- ) |
|
| 245 | 1 | 0 |
_a3D Studio MAX 2.5 fx : _befekty specjalne / _cJon A. Bell ; [tł. zbiorowe]. |
| 260 |
_aGliwice : _b"Helion", _ccop. 1999. |
||
| 300 |
_a462 s. : _bfot. ; _c24 cm + _eCD ROM. |
||
| 650 | 9 | _a3D Studio | |
| 655 | _aPodręczniki | ||
| 020 | _a8371970692 | ||
| 040 | _cBPK | ||
| 041 | 1 |
_apl _hen |
|
| 080 | _a004.42:004.4'27](07) | ||
| 920 | _a83-7197-069-2 | ||
| 942 | _cKS | ||
| 008 | s pl f |000 0 pol | ||
| 999 |
_c36199 _d36199 |
||